[Event "SKESK-ch"]
[Site "Kalavryta"]
[Date "1997.??.??"]
[Round "5"]
[White "Nikolaou, P."]
[Black "Nikolaidis, Konstantinos"]
[Result "0-1"]
[WhiteElo "2000"]
[BlackElo "2325"]
[PlyCount "34"]
[EventDate "1997.??.??"]
[EventType "tourn"]
[EventRounds "11"]
[EventCountry "GRE"]
[EventCategory "2"]
[SourceTitle "EXT 2001"]
[Source "ChessBase"]
[SourceDate "2000.11.22"]
[SourceVersion "1"]
[SourceVersionDate "2000.11.22"]
[SourceQuality "1"]

1. e4 c5 2. Nf3 d6 3. h3 Nc6 4. Nc3 Nf6 5. Bb5 Bd7 6. 0-0 e6 7. d4 cxd4 8. Nxd4 Be7 9. Bxc6 bxc6 10. f4 0-0 11. f5 Rb8 12. fxe6 fxe6 13. Qe2 Qb6 14. Be3 Qxb2 15. Nb3 Qxc3 16. Rf3 Rxb3 17. Bd4 Qxd4+ 0-1

[Event "SKESK-ch"]
[Site "Kalavryta"]
[Date "1997.??.??"]
[Round "3"]
[White "Pandavos, Panayotis"]
[Black "Nikolaou, P."]
[Result "1-0"]
[WhiteElo "2355"]
[BlackElo "2000"]
[PlyCount "63"]
[EventDate "1997.??.??"]
[EventType "tourn"]
[EventRounds "11"]
[EventCountry "GRE"]
[EventCategory "2"]
[SourceTitle "EXT 2001"]
[Source "ChessBase"]
[SourceDate "2000.11.22"]
[SourceVersion "1"]
[SourceVersionDate "2000.11.22"]
[SourceQuality "1"]

1. e4 e5 2. Nf3 Nc6 3. d4 Nf6 4. d5 Ne7 5. Bd3 Ng6 6. c4 Bb4+ 7. Kf1 Ng4 8. h3 Nf6 9. a3 Bc5 10. b4 Bd4 11. Nxd4 exd4 12. Bb2 Nf4 13. Bxd4 d6 14. Bc2 Qe7 15. Qf3 Ng6 16. Nd2 Ne5 17. Qe3 Bd7 18. f4 Ng6 19. g4 b6 20. e5 dxe5 21. fxe5 Ng8 22. c5 Bb5+ 23. Kg1 0-0-0 24. d6 Qd7 25. Bf5 Qxf5 26. gxf5 Nh4 27. Qe4 g5 28. e6 fxe6 29. fxe6 c6 30. Bxh8 Nh6 31. a4 Rxh8 32. axb5 1-0

[Event "SKESK-ch"]
[Site "Kalavryta"]
[Date "1997.??.??"]
[Round "1"]
[White "Tzermiadianos, Andreas"]
[Black "Nikolaou, P."]
[Result "1-0"]
[WhiteElo "2420"]
[BlackElo "2000"]
[PlyCount "83"]
[EventDate "1997.??.??"]
[EventType "tourn"]
[EventRounds "11"]
[EventCountry "GRE"]
[EventCategory "2"]
[SourceTitle "EXT 2001"]
[Source "ChessBase"]
[SourceDate "2000.11.22"]
[SourceVersion "1"]
[SourceVersionDate "2000.11.22"]
[SourceQuality "1"]

1. e4 e5 2. Nf3 d6 3. d4 Bg4 4. dxe5 Bxf3 5. Qxf3 Nc6 6. exd6 Qxd6 7. Bb5 0-0-0 8. Bxc6 Qxc6 9. 0-0 Nf6 10. Qf5+ Kb8 11. e5 Nd5 12. Nd2 Rd7 13. Nb3 g6 14. Qe4 Qb6 15. c4 Ne7 16. Be3 Qc6 17. Qxc6 Nxc6 18. f4 Nb4 19. Rad1 Rd3 20. Rxd3 Nxd3 21. Rd1 Bc5 22. Rxd3 Bxe3+ 23. Rxe3 Rd8 24. Re1 b6 25. Kf2 a5 26. Ke3 h6 27. Nd4 Kb7 28. Nb5 Re8 29. Rd1 f6 30. Ke4 Re7 31. g3 g5 32. Rd2 gxf4 33. gxf4 a4 34. Kf5 fxe5 35. fxe5 Kc6 36. e6 Kc5 37. Kf6 Re8 38. e7 Kxc4 39. Nxc7 Rg8 40. Rd8 Rg4 41. e8Q Rf4+ 42. Kg6 1-0